[Event "2024 Standard Chess Dropout Tournament, Round 1"]
[Site "SchemingMind.com"]
[Date "2024.01.11"]
[Round "1"]
[White "Phillip Beckett"]
[Black "Thomas Meehan"]
[Result "1-0"]
[WhiteCountry "ENG"]
[BlackCountry "ENG"]
[WhiteElo "1484"]
[WhiteRD "54"]
[BlackElo "1541"]
[BlackRD "144"]
[GameID "741058"]

1. e4 e6 2. d4 d5 3. Nd2 Nf6 4. exd5 exd5 5. Ngf3 Bd6 6. Bd3 O-O 7. O-O Nc6 8. c3 Be6 9. Re1 Bf4 10. Nf1 Qd6
11. Bxf4 Qxf4 12. Qd2 Nh5 13. Ng3 Qxd2 14. Nxd2 Nxg3 15. hxg3 Rfe8 16. Nf3 Bg4 17. Ne5 Nxe5 18. dxe5 Re7 19. f3 Bh5 20. f4 Rd7
21. e6 fxe6 22. Be2 Bg6 23. Bg4 Bf5 24. Bxf5 exf5 25. Re5 g6 26. Rae1 Kf7 27. Re6 Rd6 28. Rxd6 cxd6 29. Kf2 Re8 30. Rd1 Ke6
31. Re1+ Kd7 32. Rxe8 Kxe8 33. Ke3 Kd7 34. Kd4 Kc6 35. a4 a6 36. b4 b5 37. a5 Kd7 38. Kxd5 h6 39. c4 g5 40. cxb5 axb5
41. a6 Kc7 42. a7 Kb7 43. a8=Q+ Kxa8 44. Kxd6 Kb7 45. Kc5 Kc7 46. Kxb5 gxf4 47. gxf4 h5 48. Kc5 Kd7 49. Kd5 Ke7 50. Ke5 Kd7
51. Kxf5 Kc6 52. Kg5 Kb5 53. f5
1-0

[Event "2024 Standard Chess Dropout Tournament, Round 1"]
[Site "SchemingMind.com"]
[Date "2024.01.09"]
[Round "1"]
[White "FcoRego"]
[Black "FransEvers"]
[Result "1/2-1/2"]
[WhiteCountry "ESP"]
[BlackCountry "NED"]
[WhiteElo "2071"]
[WhiteRD "89"]
[BlackElo "2048"]
[BlackRD "115"]
[GameID "741059"]

1. c4 e5 2. g3 Nf6 3. Bg2 c6 4. d4 exd4 5. Qxd4 d5 6. Nf3 Be7 7. O-O dxc4 8. Qxc4 Be6 9. Qc2 O-O 10. Nc3 Na6
11. a3 Qc8 12. Ng5 Nc5 13. Nxe6 Qxe6 14. Be3 Qb3 15. Qxb3 Nxb3 16. Rad1 Rfe8 17. Bf3 a6 18. Na4 Rad8 19. Bb6 Rxd1 20. Rxd1 g5
21. g4 h5 22. h3 hxg4 23. hxg4 Bf8 24. Kf1 Ne4 25. Be3 Nbc5 26. Nb6 Bg7 27. b4 Nc3 28. Rd2 Ne6 29. Rd3 Bf6 30. Nd7 Bg7
31. Nc5 Nxc5 32. bxc5 Bf6 33. Bd4 Bxd4 34. Rxd4 Re7 35. a4 f6 36. e3 Kf7 37. Ke1 Re5 38. Rb4 Kf8 39. Rxb7 Nxa4 40. Bxc6 Nxc5
41. Ra7 Re6 42. Bd5 Rd6 43. Bc4 Ke8 44. Ke2 Rd7 45. Rxd7 Kxd7 46. f4 Kd6=
1/2-1/2

[Event "2024 Standard Chess Dropout Tournament, Round 1"]
[Site "SchemingMind.com"]
[Date "2024.01.09"]
[Round "1"]
[White "FransEvers"]
[Black "Bacon"]
[Result "1-0"]
[WhiteCountry "NED"]
[BlackCountry "BER"]
[WhiteElo "2044"]
[WhiteRD "124"]
[BlackElo "1002"]
[BlackRD "141"]
[GameID "741060"]

1. e4 d5 2. exd5 Qxd5 3. Nc3 Qe5+ 4. Be2 Nc6 5. Nf3 Qe6 6. O-O Nf6 7. Re1 Ne4 8. Nxe4 Qxe4 9. Bb5 Qd5 10. Bxc6+ Qxc6
11. d4 Bf5 12. c3 Be4 13. Ne5 Qb6 14. Rxe4 e6 15. b3 O-O-O 16. Nxf7 Rg8 17. Nxd8 Kxd8 18. Qe2 Ke7 19. Bg5+ Kd6 20. Rxe6+ Kd7
21. Rxb6 axb6 22. Qg4+ Kc6 23. d5+ Kxd5 24. Rd1+ Kc5 25. Qc4#
1-0

[Event "2024 Standard Chess Dropout Tournament, Round 1"]
[Site "SchemingMind.com"]
[Date "2024.01.06"]
[Round "1"]
[White "galeno"]
[Black "NYNH"]
[Result "1-0"]
[WhiteCountry "CUB"]
[BlackCountry "USA"]
[WhiteElo "2468"]
[WhiteRD "140"]
[BlackElo "1979"]
[BlackRD "102"]
[GameID "741061"]

1. e4 c5 2. Nf3 e6 3. d4 cxd4 4. Nxd4 a6 5. Bd3 Bc5 6. Nb3 Be7 7. Qg4 g6 8. Qe2 Qc7 9. f4 Nc6 10. Be3 b5
11. Nc3 Bb7 12. Nc5 d6 13. Nxb7 Qxb7 14. O-O-O Nf6 15. g4 O-O 16. Kb1 Nb4 17. g5 Nh5 18. f5 Nxd3 19. Qxd3 Rfc8 20. Rhf1 Rc4
21. Qe2 Bf8 22. a3 Rac8 23. fxe6 fxe6 24. Rd4 R4c6 25. Qg4 Ng7 26. Bd2 a5 27. Qf3 Nh5 28. Qd3 b4 29. axb4 axb4 30. Na4 Rxc2
31. Rxb4 Rxd2 32. Qxd2 Qa6 33. Qf2 d5 34. Qf7+ Kh8 35. Qxf8+ Rxf8 36. Rxf8+ Kg7 37. Nc5 Qa7 38. Nxe6#
1-0

[Event "2024 Standard Chess Dropout Tournament, Round 1"]
[Site "SchemingMind.com"]
[Date "2024.01.07"]
[Round "1"]
[White "Gary"]
[Black "Daryl Fouard"]
[Result "1-0"]
[WhiteCountry "ENG"]
[BlackCountry "USA"]
[WhiteElo "1838"]
[WhiteRD "96"]
[BlackElo "1775"]
[BlackRD "118"]
[GameID "741062"]

1. e4 e6 2. d4 d5 3. e5 c5 4. c3 Qb6 5. Nf3 Nc6 6. Bd3 Bd7 7. dxc5 Bxc5 8. O-O a5 9. a4 f5 10. Nbd2 Qc7
11. Nb3 Bb6 12. Re1 Nge7 13. Nbd4 O-O 14. Nb5 Qb8 15. Bg5 Ng6 16. c4 f4 17. Bxg6 hxg6 18. cxd5 Nd8 19. dxe6 Bxe6 20. Rc1 Nf7
21. Be7 Re8 22. Bd6 Nxd6 23. exd6 Bd7 24. Qd5+ Kh8 25. Ng5 Bc6 26. Qf7 Rxe1+ 27. Rxe1 Qg8 28. Qxf4
1-0

[Event "2024 Standard Chess Dropout Tournament, Round 1"]
[Site "SchemingMind.com"]
[Date "2024.01.07"]
[Round "1"]
[White "George Dimitrov"]
[Black "Phillip Beckett"]
[Result "1-0"]
[WhiteCountry "BUL"]
[BlackCountry "ENG"]
[WhiteElo "2546"]
[WhiteRD "90"]
[BlackElo "1461"]
[BlackRD "52"]
[GameID "741063"]

1. e4 e5 2. Nf3 Nc6 3. Bb5 a6 4. Ba4 Nf6 5. O-O Be7 6. Re1 b5 7. Bb3 O-O 8. a4 Rb8 9. axb5 axb5 10. c3 d6
11. h3 b4 12. d3 bxc3 13. bxc3 Be6 14. Bxe6 fxe6 15. Bg5 h6 16. Bxf6 Bxf6 17. Nbd2 Bg5 18. Nf1 Kh7 19. Ra6 Bf4 20. Rxc6 Qd7
21. Ra6 Qc8 22. Ra1 d5 23. exd5 exd5 24. Nxe5 Bxe5 25. Rxe5 c6 26. d4 Qd8 27. Ne3 Qf6 28. Qc2+ Kh8 29. Ng4 Qf4 30. Re7 h5
31. Qg6
1-0

[Event "2024 Standard Chess Dropout Tournament, Round 1"]
[Site "SchemingMind.com"]
[Date "2024.01.07"]
[Round "1"]
[White "Giraldo Menendez Rodriguez"]
[Black "ROYALSPUR"]
[Result "1-0"]
[WhiteCountry "CUB"]
[BlackCountry "PER"]
[WhiteElo "2548"]
[WhiteRD "93"]
[BlackElo "1075"]
[BlackRD "112"]
[GameID "741064"]

1. e4 e5 2. Nf3 Nc6 3. Bc4 h6 4. d4 Bd6 5. dxe5 Bxe5 6. Nxe5 Nxe5 7. Be2 Nf6 8. c4 O-O 9. Nc3 a6 10. Be3 d6
11. O-O Bg4 12. f3 Bd7 13. Qd2 Nh7 14. c5 b5 15. cxb6 cxb6 16. Qxd6 Re8 17. Bxb6 Qe7 18. Qxe7 Rxe7 19. Nd5 Nf6 20. Nxe7+ Kh7
21. Bd4 Bb5 22. Bxb5 Ng6 23. Nxg6 Kxg6 24. Bd3 Rd8 25. e5+ Kh5 26. g4+ Kg5 27. Be3+ Kh4 28. exf6 Rxd3 29. fxg7 Rxe3 30. g8=Q Re2
31. Qxf7 Kg5 32. Qf5+ Kh4 33. Qh5#
1-0

[Event "2024 Standard Chess Dropout Tournament, Round 1"]
[Site "SchemingMind.com"]
[Date "2024.01.11"]
[Round "1"]
[White "gvhill"]
[Black "chesshub"]
[Result "1/2-1/2"]
[WhiteCountry "USA"]
[BlackCountry "FRA"]
[WhiteElo "2523"]
[WhiteRD "128"]
[BlackElo "2550"]
[BlackRD "77"]
[GameID "741065"]

1. d4 Nf6 2. c4 e6 3. Nc3 Bb4 4. Qc2 O-O 5. e4 d5 6. e5 Ne4 7. Bd3 c5 8. Ne2 cxd4 9. Nxd4 Nd7 10. Bf4 Qh4
11. g3 Qh5 12. O-O g5 13. cxd5 Bxc3 14. bxc3 exd5 15. Be3 Nxe5 16. f3 Nxd3 17. Qxd3 Nd6 18. g4 Qg6 19. Qxg6+ hxg6 20. Bxg5 f6
21. Bh6 Rd8 22. Bf4 Nc4 23. h4 Bd7 24. g5 Rf8 25. gxf6 Rxf6 26. Bg5 Rff8 27. Kf2 Rac8 28. Kg3 Kf7 29. Rh1 b6 30. Rab1 Ne5
31. Rbe1 Rfe8 32. Re3 Nc4 33. Rxe8 Rxe8 34. Bf4 Rg8 35. Nc2 Ba4 36. Ne3 Nxe3 37. Bxe3 Ke7 38. f4 Bc2 39. Rh2 Bf5 40. a4 Kd6
41. Bd4 Kc6 42. Re2 Rd8 43. Ra2 Rd7 44. Rb2 Re7 45. Kf3 Bd3 46. Be5 Rh7 47. Bf6 Be4+ 48. Kg3 Bf5 49. Bd4 Bd3 50. Be3 Re7
51. Kf3 Bf5 52. Bd4 Re1 53. Rh2 Rd1 54. h5 gxh5 55. Rxh5 Rd3+ 56. Ke2 Bg4+ 57. Kxd3 Bxh5 58. Kc2 Bg6+=
1/2-1/2

[Event "2024 Standard Chess Dropout Tournament, Round 1"]
[Site "SchemingMind.com"]
[Date "2024.01.11"]
[Round "1"]
[White "Helga1946"]
[Black "Marc Wakeham"]
[Result "1/2-1/2"]
[WhiteCountry "GER"]
[BlackCountry "WLS"]
[WhiteElo "2390"]
[WhiteRD "69"]
[BlackElo "2470"]
[BlackRD "107"]
[GameID "741066"]

1. d4 d5 2. c4 c6 3. Nf3 Nf6 4. e3 Bf5 5. cxd5 cxd5 6. Qb3 Qc7 7. Bd2 a6 8. Nc3 e6 9. Nh4 Bg6 10. Nxg6 hxg6
11. g3 Nc6 12. Bg2 Bb4 13. O-O O-O 14. Rfc1 Bxc3 15. Bxc3 Qe7 16. Bd2 g5 17. Qc2 Qd7 18. Bc3 Rac8 19. Qe2 Rc7 20. Qd1 Ne4
21. Qg4 f5 22. Qh5 Qe7 23. Bxe4 fxe4 24. Rc2 Qf6 25. Rf1 Qf5 26. Bb4 Rf6 27. g4 Qf3 28. Bd6 Rcf7 29. Qxg5 Rh6 30. Rxc6 bxc6
31. h4 Qf6 32. Bg3 Qxg5 33. hxg5 Rg6 34. Rc1 Kh7 35. Kg2 Rxg5 36. Rxc6 Rxg4 37. Rxe6 Rg6 38. Re5 Rd7 39. Re8 Rb7 40. b3 Rc6
41. Rd8 Rc2 42. Rxd5 Rxa2=
1/2-1/2

[Event "2024 Standard Chess Dropout Tournament, Round 1"]
[Site "SchemingMind.com"]
[Date "2024.01.08"]
[Round "1"]
[White "Ilang"]
[Black "Jari Laine"]
[Result "0-1"]
[WhiteCountry "HUN"]
[BlackCountry "FIN"]
[WhiteElo "2469"]
[WhiteRD "85"]
[BlackElo "2545"]
[BlackRD "90"]
[GameID "741068"]

1. e4 e5 2. Nf3 Nc6 3. Bb5 a6 4. Ba4 Nf6 5. O-O b5 6. Bb3 Bc5 7. a4 Rb8 8. c3 d6 9. d4 Bb6 10. Na3 O-O
11. axb5 axb5 12. Nxb5 Bg4 13. Re1 Bxf3 14. gxf3 Nh5 15. Kh1 Re8 16. Rg1 Ne7 17. Rg5 Nf6 18. dxe5 dxe5 19. Rxe5 Ng6 20. Rxe8+ Qxe8
21. Nd4 h6 22. Bc4 Nh5
0-1

[Event "2024 Standard Chess Dropout Tournament, Round 1"]
[Site "SchemingMind.com"]
[Date "2024.01.11"]
[Round "1"]
[White "Jari Laine"]
[Black "Andoni Zabala"]
[Result "1-0"]
[WhiteCountry "FIN"]
[BlackCountry "INT"]
[WhiteElo "2524"]
[WhiteRD "93"]
[BlackElo "1742"]
[BlackRD "86"]
[GameID "741069"]

1. e4 c6 2. d4 d5 3. e5 Bf5 4. Nf3 e6 5. Be2 c5 6. Be3 Qb6 7. Nc3 Nc6 8. O-O Qxb2 9. Qe1 O-O-O 10. Bb5 c4
11. a3 Bxa3 12. Ra2 Qb4 13. Qa1 a6 14. Bxc6 bxc6 15. Rxa3 Bxc2 16. Rxa6 Ne7 17. Ra7 Qb6 18. Rxe7 Bg6 19. Qa8+ Qb8 20. Qa6+ Qb7
21. Qxb7#
1-0

[Event "2024 Standard Chess Dropout Tournament, Round 1"]
[Site "SchemingMind.com"]
[Date "2024.01.06"]
[Round "1"]
[White "James Harvey"]
[Black "pawngrabber"]
[Result "0-1"]
[WhiteCountry "ENG"]
[BlackCountry "ENG"]
[WhiteElo "1716"]
[WhiteRD "120"]
[BlackElo "1789"]
[BlackRD "60"]
[GameID "741070"]

1. e4 d6 2. d4 Nf6 3. Nc3 g6 4. f4 Bg7 5. Nf3 O-O 6. Bd3 c5 7. dxc5 dxc5 8. e5 Nd5 9. Nxd5 Qxd5 10. Qe2 Qd8
11. Be3 Nc6 12. Bxc5 b6 13. Be3 Bb7 14. O-O-O Qc7 15. h4 Nb4 16. Bc4 Rac8 17. Bb3 h6 18. a3 Nc6 19. h5 Na5 20. Ba2 Be4
21. Rd2 Nc4 22. Bxc4 Qxc4 23. Qxc4 Rxc4 24. hxg6 fxg6 25. b3 Rc7 26. Nd4 Rfc8 27. c4 a6 28. a4 Kf7 29. Rhd1 Rb7 30. g4 b5
31. axb5 axb5 32. Nxb5 Rxb5 33. Kb2 Rxc4 34. Ka3 Rc8 35. b4 Bf3 36. Ka4 Rcb8
0-1

[Event "2024 Standard Chess Dropout Tournament, Round 1"]
[Site "SchemingMind.com"]
[Date "2024.01.11"]
[Round "1"]
[White "Joe P"]
[Black "Wojciech  Langer"]
[Result "1-0"]
[WhiteCountry "AUS"]
[BlackCountry "INT"]
[WhiteElo "1913"]
[WhiteRD "94"]
[BlackElo "1635"]
[BlackRD "109"]
[GameID "741071"]

1. e4 c5 2. Nf3 d6 3. Bb5+ Bd7 4. Bxd7+ Qxd7 5. c4 Nf6 6. Nc3 g6 7. O-O Bg7 8. h3 Nc6 9. d3 O-O 10. Be3 a6
11. Qd2 Rfc8 12. b4 cxb4 13. Na4 Nxe4 14. dxe4 Bxa1 15. Nb6 Qe6 16. Rxa1 Qxe4 17. Nxa8 Rxa8 18. Rc1 a5 19. Ng5 Qe5 20. Bf4 Qg7
21. c5 e5 22. Be3 Rd8 23. cxd6 Qf6 24. Ne4 Qf5 25. Nc5
1-0

[Event "2024 Standard Chess Dropout Tournament, Round 1"]
[Site "SchemingMind.com"]
[Date "2024.01.07"]
[Round "1"]
[White "Michael Christensen"]
[Black "cpunk"]
[Result "1-0"]
[WhiteCountry "GER"]
[BlackCountry "IRL"]
[WhiteElo "1703"]
[WhiteRD "90"]
[BlackElo "1835"]
[BlackRD "133"]
[GameID "741072"]

1. d4 Nf6 2. Bf4 g6 3. e3 Bg7 4. c3 b6 5. Nf3 Bb7 6. Nbd2 d6 7. h4 O-O 8. Be2 e6 9. Nf1 h6 10. N3h2 Nc6
11. f3 Ne7 12. g4 Ned5 13. Bg3 a6 14. g5 Nh5 15. e4 Nxg3 16. Nxg3
1-0

[Event "2024 Standard Chess Dropout Tournament, Round 1"]
[Site "SchemingMind.com"]
[Date "2024.01.10"]
[Round "1"]
[White "jvdm"]
[Black "Andrew Burruss"]
[Result "0-1"]
[WhiteCountry "SUI"]
[BlackCountry "USA"]
[WhiteElo "1371"]
[WhiteRD "92"]
[BlackElo "1453"]
[BlackRD "104"]
[GameID "741073"]

1. d4 d5 2. Bf4 c5 3. c3 cxd4 4. cxd4 Nc6 5. e3 Bf5 6. Nc3 e6 7. Nf3 Nf6 8. Be2 Be7 9. O-O O-O 10. Ne5 Nxe5
11. dxe5 Ne4 12. Rc1 Rc8 13. Qd4 Bc5 14. Qd3 Ng3 15. e4 Nxe2+ 16. Qxe2 dxe4 17. Nxe4 Bb6 18. Bg5 Qd5 19. Nc3 Qd4 20. Rfd1 Qg4
21. Qxg4 Bxg4 22. Rd2 h6 23. h3 Bf5 24. Be7 Rfe8 25. Rd7 Rc7 26. Rxc7 Bxc7 27. Nb5 Bxe5 28. Bd6 Bxb2 29. Rb1 Bxb1 30. a4 a6
31. Nc7 Rd8 32. Bf4 Rd1+ 33. Kh2 Re1 34. g3 Be4 35. g4 Rh1+ 36. Kg3 Rg1+ 37. Kh2 Rg2+ 38. Kh1 Rxf2+
0-1

[Event "2024 Standard Chess Dropout Tournament, Round 1"]
[Site "SchemingMind.com"]
[Date "2024.01.11"]
[Round "1"]
[White "kenneth m day"]
[Black "Brerrabbit"]
[Result "1-0"]
[WhiteCountry "USA"]
[BlackCountry "SCO"]
[WhiteElo "1690"]
[WhiteRD "59"]
[BlackElo "1208"]
[BlackRD "82"]
[GameID "741075"]

1. e4 e5 2. Nf3 Nc6 3. c3 Nf6 4. d4 Nxe4 5. d5 Ne7 6. Nxe5 d6 7. Qa4+ Bd7 8. Nxd7 Qxd7 9. Qxe4 O-O-O 10. Bc4 g6
11. Qd4 Nf5 12. Qxa7 c6 13. O-O b5 14. Qa6+ Qb7 15. Qxb7+ Kxb7 16. dxc6+ Kxc6 17. Bxf7 Nh6 18. Bb3 Bg7 19. Bg5 Rde8 20. Nd2 Re5
21. Nf3 Re4 22. Rad1 Be5 23. Bd5+
1-0

[Event "2024 Standard Chess Dropout Tournament, Round 1"]
[Site "SchemingMind.com"]
[Date "2024.01.06"]
[Round "1"]
[White "Arthur Wilding"]
[Black "CapaChess"]
[Result "0-1"]
[WhiteCountry "WLS"]
[BlackCountry "CUB"]
[WhiteElo "1128"]
[WhiteRD "62"]
[BlackElo "2534"]
[BlackRD "57"]
[GameID "741076"]

1. d4 Nf6 2. e3 d5 3. Nf3 c5 4. Nc3 e6 5. Bd2 Nbd7 6. Bb5 a6 7. Bxd7+ Bxd7 8. O-O Bd6 9. Re1 O-O 10. Ne2 Ne4
11. dxc5 Bxc5 12. Ne5 Be8 13. a3 Ba7 14. Nd3 f6 15. Nc3 Rf7 16. Nxe4 dxe4 17. Nf4 e5 18. Ne2 Rd7 19. Qb1 Rxd2 20. Qa2+ Bf7
21. Qb1 f5 22. Kf1 Qh4 23. Kg1 f4 24. g3 Qg4 25. Qc1 fxe3 26. fxe3 Bxe3+ 27. Kg2 Qf3+ 28. Kh3 Be6+ 29. Kh4 Qg4#
0-1

[Event "2024 Standard Chess Dropout Tournament, Round 1"]
[Site "SchemingMind.com"]
[Date "2024.01.06"]
[Round "1"]
[White "Thomas Jacob Kelly"]
[Black "Raymond de Kemp"]
[Result "0-1"]
[WhiteCountry "USA"]
[BlackCountry "NED"]
[WhiteElo "1747"]
[WhiteRD "85"]
[BlackElo "1819"]
[BlackRD "65"]
[GameID "741077"]

1. e4 d6 2. f4 d5 3. exd5 Nf6 4. d4 Nxd5 5. c4 Nf6 6. Nf3 c5 7. Be3 Bg4 8. d5 e6 9. Nc3 exd5 10. cxd5 Bd6
11. Bb5+ Nbd7 12. O-O O-O 13. Qe1 Re8 14. Qf2 a6 15. Bd3 b5 16. Bxb5 axb5 17. Nxb5 Bb8 18. Ng5 Nxd5 19. Bxc5 Be2 20. Nd6 Bxd6
21. Bxd6 Bxf1 22. Rxf1 Qb6 23. Qxb6 N7xb6 24. a3 Nc4
0-1

[Event "2024 Standard Chess Dropout Tournament, Round 1"]
[Site "SchemingMind.com"]
[Date "2024.01.11"]
[Round "1"]
[White "ku4a"]
[Black "slotheman"]
[Result "0-1"]
[WhiteCountry "USA"]
[BlackCountry "USA"]
[WhiteElo "1357"]
[WhiteRD "131"]
[BlackElo "1572"]
[BlackRD "120"]
[GameID "741078"]

1. e4 e6 2. e5 d6 3. f4 Nc6 4. Nf3 g6 5. Nc3 Bg7 6. d4 Nge7 7. Bb5 O-O 8. O-O a6 9. Bxc6 Nxc6 10. b3 b5
11. Bd2 Bb7 12. a4 b4 13. Ne2 Ne7 14. Bxb4 Nf5 15. Qd2 Re8 16. Ba5 Qc8 17. exd6 cxd6 18. Rad1 e5 19. c3 e4 20. Ng5 e3
21. Qd3 Ra7 22. Rde1 Qa8 23. Nf3 Bc6 24. Ng3 Bxf3 25. gxf3 Rae7 26. Nxf5 gxf5 27. Qxf5 e2 28. Rf2 Re3 29. Qh3 Qd5 30. b4 Qc4
31. b5 axb5 32. axb5 Qxb5 33. Bb4 Qd3
0-1

[Event "2024 Standard Chess Dropout Tournament, Round 1"]
[Site "SchemingMind.com"]
[Date "2024.01.07"]
[Round "1"]
[White "Johnny Owens"]
[Black "Rubén Pulido "]
[Result "0-1"]
[WhiteCountry "USA"]
[BlackCountry "CUB"]
[WhiteElo "2309"]
[WhiteRD "116"]
[BlackElo "2561"]
[BlackRD "99"]
[GameID "741079"]

1. Nf3 Nf6 2. b3 d5 3. Bb2 Bf5 4. g3 e6 5. Bg2 h6 6. O-O Be7 7. d3 O-O 8. Nbd2 c6 9. Re1 a5 10. e4 Bh7
11. a3 Nbd7 12. Qe2 Qb6 13. a4 Rfd8 14. h3 Nh5 15. Kh2 dxe4 16. dxe4 Nhf6 17. Ne5 Nxe5 18. Bxe5 Qc5 19. Nc4 b5 20. axb5 cxb5
21. Bd6 Bxd6 22. Nxd6 Rxd6 23. e5 Rd5 24. c4 bxc4 25. bxc4 Bd3 26. Qe3 Qxe3 27. Rxe3 Bxc4 28. exf6 Rb8 29. Bxd5 Bxd5 30. fxg7 Rb2
0-1

[Event "2024 Standard Chess Dropout Tournament, Round 1"]
[Site "SchemingMind.com"]
[Date "2024.01.10"]
[Round "1"]
[White "Lanaroon"]
[Black "trazadora"]
[Result "0-1"]
[WhiteCountry "ENG"]
[BlackCountry "CUB"]
[WhiteElo "1274"]
[WhiteRD "136"]
[BlackElo "2545"]
[BlackRD "85"]
[GameID "741080"]

1. e4 e5 2. Nf3 Nc6 3. Nc3 Nf6 4. d4 exd4 5. Nxd4 Bb4 6. Nxc6 bxc6 7. Bd3 d5 8. exd5 cxd5 9. O-O O-O 10. Bg5 c6
11. a3 Bd6 12. Bxf6 Qxf6 13. Qf3 Qxf3 14. gxf3 a5 15. b4 Be5 16. bxa5 Bxc3 17. Rab1 Rxa5 18. Rb8 c5 19. Bb5 Rxa3 20. Rb1 Be6
21. Bd3 Ra1 22. Rxf8+ Kxf8 23. Rxa1 Bxa1 24. Bxh7 g6 25. Kg2 Bf5
0-1

[Event "2024 Standard Chess Dropout Tournament, Round 1"]
[Site "SchemingMind.com"]
[Date "2024.01.11"]
[Round "1"]
[White "John Elburg"]
[Black "Dan Geana"]
[Result "1/2-1/2"]
[WhiteCountry "NED"]
[BlackCountry "ROU"]
[WhiteElo "2548"]
[WhiteRD "85"]
[BlackElo "2597"]
[BlackRD "118"]
[GameID "741081"]

1. e4 e5 2. Nf3 Nc6 3. Bb5 a6 4. Bxc6 dxc6 5. O-O Bg4 6. h3 h5 7. c3 Qf6 8. d4 Bxf3 9. Qxf3 Qxf3 10. gxf3 exd4
11. cxd4 Ne7 12. f4 f5 13. e5 Ng6 14. Nc3 Rd8 15. Rd1 Be7 16. Be3 Nf8 17. Ne2 Ne6 18. a3 h4 19. b4 Kf7 20. Rab1 Rd5
21. Kg2 Rhd8 22. Rdc1 Ra8 23. a4 g6 24. Nc3 Rd7 25. Ne2 Rg8 26. Kf1 Ra8 27. Rd1=
1/2-1/2

[Event "2024 Standard Chess Dropout Tournament, Round 1"]
[Site "SchemingMind.com"]
[Date "2024.01.07"]
[Round "1"]
[White "lawyertheologian"]
[Black "Robert Hatfield"]
[Result "1-0"]
[WhiteCountry "USA"]
[BlackCountry "USA"]
[WhiteElo "2032"]
[WhiteRD "88"]
[BlackElo "1758"]
[BlackRD "64"]
[GameID "741082"]

1. e4 e5 2. Nc3 Nf6 3. f4 d5 4. fxe5 Nxe4 5. d3 Nxc3 6. bxc3 Be7 7. Nf3 O-O 8. Be2 c5 9. O-O Nc6 10. Qe1 Be6
11. Qg3 Qd7 12. Bh6 g6 13. Bxf8 Rxf8 14. d4 c4 15. Nh4 Bxh4 16. Qxh4 Qe7 17. Qh6 Qa3 18. Qd2 Qe7 19. Rf6 Rb8 20. h4 h5
21. Qg5
1-0

[Event "2024 Standard Chess Dropout Tournament, Round 1"]
[Site "SchemingMind.com"]
[Date "2024.01.07"]
[Round "1"]
[White "Rubén Pulido "]
[Black "Giraldo Menendez Rodriguez"]
[Result "0-1"]
[WhiteCountry "CUB"]
[BlackCountry "CUB"]
[WhiteElo "2561"]
[WhiteRD "99"]
[BlackElo "2581"]
[BlackRD "94"]
[GameID "741083"]

1. e4 c5 2. Nf3 d6 3. d4 cxd4 4. Nxd4 Nf6 5. Nc3 a6 6. Be3 e5 7. Nb3 Be6 8. f3 h5 9. Nd5 Bxd5 10. exd5 Nbd7
11. Qd2 g6 12. Be2 Bg7 13. O-O b6 14. c4 O-O 15. Rae1 Re8 16. Kh1 Rc8 17. Qd1 a5 18. Nd2 Nc5 19. b3 e4 20. f4 Qd7
21. a4 Kh7 22. Rf2 Re7 23. h3 Nd3 24. Bxd3 exd3 25. Nf3 Ne4 26. Qxd3 Nxf2+ 27. Bxf2 Rxe1+ 28. Bxe1 Re8 29. Kh2 Qe7 30. Bf2 Kg8
31. Nd4 h4 32. Kg1 Bh6 33. Qf3 Qe4 34. Qxe4 Rxe4 35. Nb5 Bxf4 36. Bxb6 Re1+ 37. Kf2 Bg3+ 38. Kf3 Rb1 39. Nd4 Bh2 40. Bxa5 Bg1
41. Bb6 Bxd4 42. Bxd4 Rxb3+
0-1

[Event "2024 Standard Chess Dropout Tournament, Round 1"]
[Site "SchemingMind.com"]
[Date "2024.01.07"]
[Round "1"]
[White "LockettJ"]
[Black "Metalucci"]
[Result "0-1"]
[WhiteCountry "ENG"]
[BlackCountry "USA"]
[WhiteElo "2062"]
[WhiteRD "96"]
[BlackElo "2179"]
[BlackRD "120"]
[GameID "741085"]

1. d4 d5 2. c4 e6 3. Nf3 Nf6 4. g3 dxc4 5. Bg2 Nc6 6. Qa4 Bb4+ 7. Bd2 Nd5 8. Qb5 Bxd2+ 9. Nbxd2 c3 10. bxc3 Nxc3
11. Qc5 Nd5 12. O-O Qe7 13. Qc2 O-O 14. e4 Nb6 15. Rfd1 Rd8 16. Nf1 Bd7 17. Ne3 Be8 18. Rab1 f6 19. d5 exd5 20. exd5 Nb4
21. Qb3 Ba4 22. Qxb4 Qxb4 23. Rxb4 Bxd1 24. Nxd1 Rxd5 25. Ne3 Ra5 26. Nd4 Rxa2 27. Rb1 c6 28. h4 g6 29. Ne6 Re8 30. Nc5 Re7
31. Rd1 Ra5 32. Rc1 f5 33. Nd3 Kf7 34. Nc5 Ra3 35. Bf3 Na4
0-1

[Event "2024 Standard Chess Dropout Tournament, Round 1"]
[Site "SchemingMind.com"]
[Date "2024.01.06"]
[Round "1"]
[White "Marc Wakeham"]
[Black "MichaelChess"]
[Result "1/2-1/2"]
[WhiteCountry "WLS"]
[BlackCountry "CUB"]
[WhiteElo "2474"]
[WhiteRD "107"]
[BlackElo "2520"]
[BlackRD "73"]
[GameID "741087"]

1. e4 c5 2. Nf3 d6 3. d4 cxd4 4. Nxd4 Nf6 5. Nc3 a6 6. Be3 e5 7. Nb3 Be7 8. h3 Be6 9. f4 exf4 10. Bxf4 Nc6
11. Qe2 Ne5 12. O-O-O Nfd7 13. Kb1 O-O 14. Qe3 Rc8 15. Nd4 Re8 16. g4 h6 17. Nf5 Qa5 18. Nd5 Bf8 19. c3 b5 20. Rg1 Nc4
21. Qd4 Nxb2 22. Kxb2 Bxd5 23. exd5 b4 24. cxb4 Rc2+ 25. Kxc2 Qxa2+ 26. Kd3 Qb3+ 27. Kd2 Qa2+ 28. Kd3=
1/2-1/2

[Event "2024 Standard Chess Dropout Tournament, Round 1"]
[Site "SchemingMind.com"]
[Date "2024.01.08"]
[Round "1"]
[White "Martin E. Hardwick"]
[Black "LockettJ"]
[Result "0-1"]
[WhiteCountry "ENG"]
[BlackCountry "ENG"]
[WhiteElo "1137"]
[WhiteRD "73"]
[BlackElo "2085"]
[BlackRD "95"]
[GameID "741088"]

1. d4 Nf6 2. Nf3 g6 3. Nc3 d5 4. Bf4 Bg7 5. e3 O-O 6. Bd3 c5 7. Bg5 cxd4 8. Nxd4 e5 9. Nf3 e4 10. Be2 exf3
11. Bxf3 Nc6 12. Bxf6 Bxf6 13. Nxd5 Bxb2 14. Rb1 Bg7 15. Nf4 Qa5+ 16. Qd2 Bc3 17. Qxc3 Qxc3+ 18. Kf1 Qxc2 19. Rd1 Ne5 20. Be2 Bf5
21. h3 Rad8 22. Nd3 Bxd3 23. Bxd3 Qxd1#
0-1

[Event "2024 Standard Chess Dropout Tournament, Round 1"]
[Site "SchemingMind.com"]
[Date "2024.01.11"]
[Round "1"]
[White "Metalucci"]
[Black "Helga1946"]
[Result "1/2-1/2"]
[WhiteCountry "USA"]
[BlackCountry "GER"]
[WhiteElo "2157"]
[WhiteRD "128"]
[BlackElo "2390"]
[BlackRD "69"]
[GameID "741089"]

1. e4 e5 2. Nf3 Nc6 3. Bc4 Bc5 4. O-O Nf6 5. Nc3 O-O 6. d3 h6 7. Nd5 Nxd5 8. exd5 Nd4 9. Nxd4 exd4 10. Bd2 Be7
11. c3 dxc3 12. Bxc3 Bf6 13. d6 Bxc3 14. bxc3 Rb8 15. Qf3 b5 16. Rab1 Ba6 17. Bd5 Rb6 18. dxc7 Qxc7 19. Rbe1 Rf6 20. Qe3 Qxc3
21. Rc1 Qa5 22. Qxa7 Qb6 23. Qxb6 Rxb6 24. f3 b4 25. Rfe1 Bxd3 26. Re7 Rd6 27. Bb3 Bg6 28. Rc4 Rb8 29. Rc7 Rd8 30. Rb7 Rd4=
1/2-1/2